Oposiciones a Contadores del Estado (Record no. 26926)

MARC details
000 -LEADER
campo de control de longitud fija 00553nam a2200157 i 4500
001 - NÚMERO DE CONTROL
campo de control 26926
003 - IDENTIFICADOR DE NÚMERO DE CONTROL
campo de control ES-MaACL
005 - FECHA Y HORA DE LA ÚLTIMA TRANSACCIÓN
campo de control 20230906153527.0
007 - CAMPO FIJO DE DESCRIPCIÓN FÍSICA--INFORMACIÓN GENERAL
campo de control de longitud fija t|
008 - DATOS DE LONGITUD FIJA--INFORMACIÓN GENERAL
campo de control de longitud fija 030113s1961 sp ||||1| spa d
100 1# - ENTRADA PRINCIPAL--NOMBRE DE PERSONA
Nombre de persona Asenjo Martínez, Sergio-Enrique.
9 (RLIN) 23565
245 10 - MENCIÓN DEL TÍTULO
Título Oposiciones a Contadores del Estado
Resto del título : contestaciones a los temas de Contabilidad del Estado /
Mención de responsabilidad, etc. por Sergio-Enrique Asenjo Martínez.
260 ## - PUBLICACIÓN, DISTRIBUCIÓN, ETC.
Lugar de publicación, distribución, etc. [Madrid :
Nombre del editor, distribuidor, etc. s.n.,
Fecha de publicación, distribución, etc. 1961] (
Fabricante Jurispericia Nuevas Gráficas)
300 ## - DESCRIPCIÓN FÍSICA
Extensión 128 p. ;
Dimensiones 27 cm.
852 ## - LOCALIZACIÓN
Ubicación ES-MaACL
Número de control de estantería C-21518
Sublocalización o colección R.49335
Holdings
Estatus retirado Estado de pérdida Estado de daño No para préstamo Biblioteca de origen Biblioteca actual Ubicación en estantería Fecha de adquisición Fuente de adquisición Total de préstamos Signatura topográfica completa Código de barras Visto por última vez Precio de reemplazo Tipo de ítem Koha
        Biblioteca del Ateneo de Madrid Biblioteca del Ateneo de Madrid Galería 17/01/2008     C-21518 1027794 23/02/2023 23/02/2023 Libro impreso